000 00521nam a2200181 4500
001 122381
003 ES-MaACL
005 20230906191951.0
007 t|
008 070214s1971 ag r ||||1| spa d
100 1 _aPower, Eileen.
_993506
245 1 0 _aGente de la Edad Media /
_cEileen Power ; traducción de Virginia Erhart.
250 _a2ª. ed.
260 _aBuenos Aires :
_bUniversitaria,
_c1971.
300 _a287 p. ;
_c18 cm.
700 1 _aErhart, Virginia.
_947384
852 _aES-MaACL
_jA-9858
_bR.98988
999 _c122381
_d122381